000 00275nam a22001097a 4500
008 230620b xxu||||| |||| 00| 0 eng d
082 _a324.9
_bCOG
100 _cCOMMON WEALTH SECRETARIAT
245 _aTHE LESOTHO NATIONAL ASSEMBLY ELECTIONS
300 _a38p
942 _2ddc
_cBK
999 _c1790
_d1790